000 00822cam a2200253 4500
001 X103681
008 000000n1999 000 0 eng u
035 _a(Sirsi) u103681
245 _aFocus '99: Republic of Ireland
260 _c1999
490 _aEstates Gazette
_v30 October 1999, 77-99(12)
650 _aIRELAND
650 _aREPUBLIC OF IRELAND
650 _aDUBLIN
650 _aPROPERTY-COMMERCIAL PROPERTY-COMMERCIAL PROPERTY MARKET
650 _aPROPERTY-COMMERCIAL PROPERTY-RETAIL PROPERTY-RETAIL PROPERTY MARKET
650 _aLEISURE MARKET
650 _aINDUSTRIAL MARKET
650 _aPROPERTY-COMMERCIAL PROPERTY-OFFICE PROPERTY-OFFICE PROPERTY MARKET
650 _aRESIDENTIAL MARKET
650 _aCORK
690 _aPROPERTY-COMMERCIAL PROPERTY-COMMERCIAL PROPERTY MARKET
942 _n0
999 _c62258
_d62258